000 00323nam a22001457a 4500
008 210426b ||||| |||| 00| 0 eng d
020 _a0471267929
041 _aeng
080 _26th
_a574
082 _a574
100 _a9
101 _aMJE
245 _aFundamentals of Soil Science
_cHenry D. Foth
942 _2udc
_cBK
999 _c56760
_d56760